000 00320nam a22001457a 4500
008 230721b ||||| |||| 00| 0 eng d
020 _a9780521451284
041 _aeng
080 _a615.83
082 _a615.83
100 _a16
101 _aEGZF
245 _aTHE THEORY OF EVOLUTION
_cSMITH .M.J
942 _2udc
_cBK
999 _c60194
_d60194